| 000 | 01622nam0a2200349 4500 | ||
|---|---|---|---|
| 001 | RU\NLR\BIBL_A\012433673 | ||
| 005 | 20250624033340.0 | ||
| 010 |
_a978-5-9216-0241-0 _91000 |
||
| 021 |
_aRU _b2020-56000 _9КН-П-4174 |
||
| 035 | _a(RuMoRGB)010431281 | ||
| 035 | _a(NLR Aleph) 012433673 | ||
| 090 |
_a11889875 _c11889875 |
||
| 100 | _a20210118d2021 |||y0rusy50 ca | ||
| 101 | 0 | _arus | |
| 102 | _aRU | ||
| 105 | _aa|||j|||000zy | ||
| 181 | 0 |
_ai _baxxe |
|
| 182 | 0 | _an | |
| 200 | 1 |
_aЭлементарный курс ультрафиолетовой техники для уничтожения патогенных микроорганизмов в воздушной среде _e[пособие] _fА. Л. Вассерман |
|
| 203 |
_aТекст _bвизуальный _cнепосредственный |
||
| 210 |
_aМосква _cФилинъ _d2021 |
||
| 215 |
_a54 с. _cил., табл. _d20 |
||
| 300 | _aНа 4-й с. обл. авт.: Вассерман А. Л., канд. техн. наук, Заслуж. машиностроитель РФ | ||
| 320 | _aБиблиогр.: с. 51-52 | ||
| 606 | 1 |
_aВоздух помещений _jРуководства, пособия и т.п _xОбеззараживание ультрафиолетовым излучением _92464634 _3RU\NLR\AUTH\661464238 |
|
| 610 | 0 | _aобеззараживание с помощью УФ-излучения | |
| 686 | 1 | _aР193.940.1с.я7 | |
| 700 | 1 |
_aВассерман _bА. Л. _gАлександр Львович |
|
| 942 | _cBOOK | ||
| 980 | _aNB | ||